[Event "Capablanca Memorial"]
[Site "SchemingMind.com"]
[Date "2013.12.23"]
[Round "-"]
[White "Glenn O'Brien"]
[Black "littleboo"]
[Result "0-1"]
[WhiteCountry "AUS"]
[BlackCountry "USA"]
[WhiteElo "2015"]
[WhiteRD "83"]
[BlackElo "2229"]
[BlackRD "81"]
[GameID "344239"]

1. e4 c5 2. Nf3 Nc6 3. d4 cxd4 4. Nxd4 d5 5. exd5 Qxd5 6. Be3 Nf6 7. Nc3 Qa5 8. Bb5 Qc7 9. Qf3 Bd7 10. O-O-O a6
11. Bxc6 bxc6 12. Ne4 Nd5 13. Ng5 Nf6 14. Bf4 Qb6 15. Rd2 Rc8 16. Re1 c5 17. Qb3 Qxb3 18. Nxb3 h6 19. Ne4 Nxe4 20. Rxe4 Bc6
21. Rc4 e6 22. Bd6 Bxd6 23. Rxd6 Ke7 24. Rd2 Bxg2 25. Rxc5 Bd5 26. Rc3 Rxc3 27. bxc3 Rc8 28. Kb2 Kd6 29. Rd4 e5 30. Ra4 Rc6
31. f4 exf4 32. Rxf4 Ke5 33. Rg4 g5 34. Ra4 Be6 35. Ra5+ Kf4 36. Nc5 Kg4 37. Nxa6 Kh3 38. a4 Kxh2 39. Nb4 Rc8 40. Re5 Rg8
41. a5 h5 42. a6 h4 43. Nd5 Bxd5 44. Rxd5 g4 45. Rd4 h3 46. Rd2+ Kg3 47. Rd3+ Kh4 48. Rd2 g3 49. Rd4+ Kg5 50. Rd3 Rb8+
51. Ka3 g2 52. Rg3+ Kh4 53. Rg7 Ra8
0-1

[Event "Capablanca Memorial"]
[Site "SchemingMind.com"]
[Date "2014.01.25"]
[Round "-"]
[White "Jari Laine"]
[Black "Ilang"]
[Result "1/2-1/2"]
[WhiteCountry "FIN"]
[BlackCountry "HUN"]
[WhiteElo "2423"]
[WhiteRD "72"]
[BlackElo "2348"]
[BlackRD "79"]
[GameID "346231"]

1. d4 d5 2. c4 c6 3. Nf3 Nf6 4. e3 e6 5. Nbd2 c5 6. cxd5 exd5 7. b3 Nc6 8. Bb2 cxd4 9. Nxd4 Nxd4 10. Bxd4 Be7
11. Bd3 O-O 12. O-O Re8 13. h3 Be6 14. Rc1 a6 15. Rc2 Rc8 16. Qb1 Rxc2 17. Qxc2 Qc8 18. Qb2 Bxh3=
1/2-1/2

[Event "Capablanca Memorial"]
[Site "SchemingMind.com"]
[Date "2014.01.25"]
[Round "-"]
[White "Ilang"]
[Black "Jari Laine"]
[Result "1/2-1/2"]
[WhiteCountry "HUN"]
[BlackCountry "FIN"]
[WhiteElo "2348"]
[WhiteRD "79"]
[BlackElo "2423"]
[BlackRD "72"]
[GameID "346232"]

1. d4 Nf6 2. c4 g6 3. Nc3 d5 4. cxd5 Nxd5 5. e4 Nxc3 6. bxc3 Bg7 7. Nf3 c5 8. Rb1 O-O 9. Be2 cxd4 10. cxd4 Qa5+
11. Bd2 Qxa2 12. O-O Bg4 13. Bg5 h6 14. Be3 Nc6 15. d5 Na5 16. Bc5 b6 17. Bxe7 Rfe8 18. d6 Nc6 19. Bb5 Nxe7 20. Bxe8 Rxe8
21. dxe7 Qa3 22. Re1 Qxe7 23. h3 Rd8 24. Qe2 Be6 25. Qa6=
1/2-1/2

[Event "Capablanca Memorial"]
[Site "SchemingMind.com"]
[Date "2014.03.01"]
[Round "-"]
[White "HECTORBSUEIRO"]
[Black "chesshub"]
[Result "1/2-1/2"]
[WhiteCountry "ARG"]
[BlackCountry "FRA"]
[WhiteElo "2485"]
[WhiteRD "114"]
[BlackElo "2449"]
[BlackRD "72"]
[GameID "348644"]

1. d4 Nf6 2. c4 e6 3. Nf3 b6 4. a3 Bb7 5. Nc3 d5 6. cxd5 Nxd5 7. e3 Be7 8. Bb5+ c6 9. Bd3 O-O 10. Qc2 h6
11. Nxd5 cxd5 12. Bd2 a5 13. O-O Bd6 14. Rac1 Qe7 15. Qb3 Nd7 16. a4 Rfb8 17. Rc2 Qf6 18. Rfc1 Qd8 19. Bb5 Nf6 20. h3 Rc8
21. Bc6 Bxc6 22. Rxc6 Ne4 23. Be1 Rxc6 24. Rxc6 Bc7 25. Ne5 Rc8 26. Qc2 Nd6 27. Rc3 Ne4 28. Rc6 Nd6 29. g4 Bb8 30. b4 axb4
31. Bxb4 Nc4 32. Nxf7 Kxf7 33. Rxe6 Kg8 34. Rxh6 gxh6 35. Qg6+=
1/2-1/2

[Event "Capablanca Memorial"]
[Site "SchemingMind.com"]
[Date "2014.02.28"]
[Round "-"]
[White "chesshub"]
[Black "HECTORBSUEIRO"]
[Result "1/2-1/2"]
[WhiteCountry "FRA"]
[BlackCountry "ARG"]
[WhiteElo "2469"]
[WhiteRD "71"]
[BlackElo "2482"]
[BlackRD "113"]
[GameID "348645"]

1. e4 g6 2. d4 Bg7 3. Nc3 c6 4. f4 d5 5. e5 Nh6 6. Nf3 Qb6 7. Be2 Bg4 8. O-O Nd7 9. a4 a5 10. Be3 Nf5
11. Bf2 h5 12. Ra3 e6 13. Ng5 Bxe2 14. Nxe2 Bh6 15. Rb3 Qa6 16. Ng3 Ne7 17. Rd3 b5 18. axb5 cxb5 19. Qf3 b4 20. Ra1 a4
21. Qd1 Qb5 22. Rb1 Nb6 23. Be3 Kf8 24. Nf3 Kg7 25. Bc1 Ra7 26. Nh4 Rc7 27. Rf3 Nc4 28. Ra1 Na5 29. f5 exf5 30. Rxf5 Bxc1
31. Qxc1 gxf5 32. Ngxf5+ Kf8 33. Qg5 Rh7 34. e6 Qe2 35. Ng6+ fxg6 36. Qf6+ Kg8 37. Nh6+=
1/2-1/2

[Event "Capablanca Memorial"]
[Site "SchemingMind.com"]
[Date "2014.03.12"]
[Round "-"]
[White "Ebanon "]
[Black "teejaytee"]
[Result "1/2-1/2"]
[WhiteCountry "ESP"]
[BlackCountry "ENG"]
[WhiteElo "2428"]
[WhiteRD "69"]
[BlackElo "2551"]
[BlackRD "85"]
[GameID "349307"]

1. e4 e5 2. Nf3 Nc6 3. Bb5 a6 4. Ba4 Nf6 5. O-O Be7 6. Re1 b5 7. Bb3 d6 8. c3 O-O 9. d4 Bg4 10. Be3 exd4
11. cxd4 Na5 12. Bc2 Nc4 13. Bc1 c5 14. b3 Nb6 15. Nbd2 Nfd7 16. h3 Bh5 17. Bb2 Rc8 18. a4 bxa4 19. bxa4 cxd4 20. a5 Nc4
21. Nxc4 Rxc4 22. g4 Bg6 23. Bd3 Rc5 24. Bxa6 Rxa5 25. Nxd4 Bf6 26. Bb7 Rc5 27. Bd5 Qb6 28. Ra2 Ne5 29. Nf5 Nxg4 30. Bc1 Bxf5
31. hxg4 Rxc1 32. Qxc1 Bxg4 33. Qb1= Qd4 34. Qb7 h5 35. Ra8 Rxa8 36. Qxa8+ Kh7 37. Bxf7 Qd2 38. Rb1 Kh6 39. Qa3 g5 40. Qc1 Qd3
41. Rb3 Qxe4 42. Qb1 Qxb1+ 43. Rxb1 Bf5 44. Rb8 h4 45. Bd5 h3 46. Rf8 Kg6 47. Rg8+ Bg7 48. f3 Kh6 49. Rd8 Be5 50. Rf8 Kg6
51. Kh1 Bf4 52. Bc4 Bd7 53. Bd5 Bg3 54. Rd8 Bf5 55. Rf8 Be5 56. Kg1 Bg3 57. Bb3 Be5 58. Bd5 Bg3=
1/2-1/2

[Event "Capablanca Memorial"]
[Site "SchemingMind.com"]
[Date "2014.03.13"]
[Round "-"]
[White "teejaytee"]
[Black "Ebanon "]
[Result "1-0"]
[WhiteCountry "ENG"]
[BlackCountry "ESP"]
[WhiteElo "2542"]
[WhiteRD "105"]
[BlackElo "2350"]
[BlackRD "72"]
[GameID "349308"]

1. d4 Nf6 2. c4 g6 3. Nc3 d5 4. Nf3 Bg7 5. Qb3 dxc4 6. Qxc4 O-O 7. e4 Bg4 8. Be3 Nfd7 9. Qb3 Nb6 10. Rd1 Nc6
11. d5 Ne5 12. Be2 Nxf3+ 13. gxf3 Bh5 14. Rg1 Qc8 15. Rg3 c6 16. a4 Rd8 17. a5 Nd7 18. a6 b6 19. dxc6 Qxc6 20. Qd5 Bxc3+
21. bxc3 Qxd5 22. Rxd5 Kh8 23. Bb5 Nf6 24. Bd4 Kg8 25. Bxf6 Rxd5 26. exd5 exf6 27. d6 Rd8 28. d7 Kf8 29. f4 Ke7 30. Re3+ Kd6
31. f3 Kc7 32. h3 Rxd7 33. Bxd7 Kxd7 34. Kf2 b5 35. Rd3+ Kc6 36. Rd8
1-0

[Event "Capablanca Memorial"]
[Site "SchemingMind.com"]
[Date "2014.04.16"]
[Round "-"]
[White "harsh"]
[Black "Buckaroo Bob"]
[Result "0-1"]
[WhiteCountry "IND"]
[BlackCountry "USA"]
[WhiteElo "2098"]
[WhiteRD "91"]
[BlackElo "2270"]
[BlackRD "95"]
[GameID "355573"]

1. d4 Nf6 2. c4 e6 3. g3 c5 4. d5 exd5 5. cxd5 b5 6. Nf3 Bb7 7. e4 c4 8. Bg2 Bb4+ 9. Bd2 Bc5 10. O-O O-O
11. Qc2 Re8 12. Nh4 Qb6 13. Nc3 Na6 14. a3 Ng4 15. Nd1 g6 16. Bc3 b4 17. axb4 Nxb4 18. Qe2 Nf6 19. Bxf6 Qxf6 20. Ne3 Rac8
21. Qd2 Qd4 22. Qxd4 Bxd4 23. Ra4 Bc5 24. Nxc4 Ba6 25. b3 Bb5 26. Ra5 Bxc4 27. bxc4 Bb6 28. Rb5 Rxc4 29. Rb1 Na2 30. h3 Nc3
31. Rc1 Ne2+
0-1

[Event "Capablanca Memorial"]
[Site "SchemingMind.com"]
[Date "2014.04.16"]
[Round "-"]
[White "Buckaroo Bob"]
[Black "harsh"]
[Result "1-0"]
[WhiteCountry "USA"]
[BlackCountry "IND"]
[WhiteElo "2255"]
[WhiteRD "92"]
[BlackElo "2140"]
[BlackRD "90"]
[GameID "355574"]

1. Nf3 d5 2. d4 c6 3. c4 Nf6 4. e3 a6 5. Qc2 e6 6. Nbd2 Bd6 7. Bd3 Nbd7 8. O-O O-O 9. Re1 e5 10. e4 dxe4
11. Nxe4 Nxe4 12. Bxe4 Nf6 13. Bg5 exd4 14. c5 Be7 15. Bxh7+ Kh8 16. Rad1 Be6 17. Rxd4 Qa5 18. Rh4
1-0

[Event "Capablanca Memorial"]
[Site "SchemingMind.com"]
[Date "2014.05.16"]
[Round "-"]
[White "jrsanpedro"]
[Black "Derek Price"]
[Result "1/2-1/2"]
[WhiteCountry "ARG"]
[BlackCountry "ENG"]
[WhiteElo "2164"]
[WhiteRD "72"]
[BlackElo "2366"]
[BlackRD "79"]
[GameID "358351"]

1. e4 c5 2. Nf3 a6 3. c3 e6 4. d4 d5 5. exd5 exd5 6. Be2 Nf6 7. O-O Nbd7 8. Re1 Be7 9. Bf4 O-O 10. dxc5 Nxc5
11. Nbd2 Re8 12. Qc2 Bd6 13. Bxd6 Qxd6 14. Nd4 g6 15. h3 Bd7 16. Rad1 Rac8 17. Bf3 Rxe1+ 18. Rxe1 Kg7 19. Nf1 Nce4 20. Ne3 Re8
21. a3 b5 22. Qc1 a5 23. Nec2 Rb8 24. Be2 Nc5 25. Qe3 Re8 26. Qf3 Qb6 27. Ne3 Nce4 28. Bd3 b4 29. axb4 axb4 30. Bxe4 dxe4
31. Qg3=
1/2-1/2

[Event "Capablanca Memorial"]
[Site "SchemingMind.com"]
[Date "2014.05.16"]
[Round "-"]
[White "Derek Price"]
[Black "jrsanpedro"]
[Result "1-0"]
[WhiteCountry "ENG"]
[BlackCountry "ARG"]
[WhiteElo "2366"]
[WhiteRD "79"]
[BlackElo "2164"]
[BlackRD "72"]
[GameID "358352"]

1. d4 Nf6 2. c4 e6 3. Nc3 Bb4 4. e3 O-O 5. Ne2 d5 6. a3 Be7 7. cxd5 exd5 8. b4 Nbd7 9. Ng3 Nb6 10. Bd3 c6
11. O-O Re8 12. Qc2 Be6 13. Nce2 Bd6 14. f3 h6 15. e4 dxe4 16. fxe4 Bxg3 17. hxg3 Bg4 18. Bb2 Bxe2 19. Qxe2 Na4 20. Rae1 a5
21. Ba1 axb4 22. axb4 Nb6 23. Qf2 Ra3 24. Bc2 Qe7 25. Bb2 Raa8 26. d5 Nbd7 27. dxc6 bxc6 28. e5 Nd5 29. Qf5 Nf8 30. e6 fxe6
31. Qe4 Red8 32. Bd4 Nf6 33. Bxf6 gxf6 34. Qh4 Kg7 35. Be4 Ra7 36. Qg4+ Kh8 37. Bxc6 Rc7= 38. b5 Rcc8 39. Rf2 Qg7 40. Qf3 Nh7
41. Rc1 Rb8 42. Qb3 Qg5 43. Re1 Nf8 44. Qb4 Qg7 45. b6 f5 46. Kh2 Rd3 47. Bf3 Rdd8 48. Rc2 e5 49. Rd1 Rxd1 50. Bxd1 Ne6
51. Rc6 Nd8 52. Rc7 Qf6 53. Qa4
1-0

[Event "Capablanca Memorial"]
[Site "SchemingMind.com"]
[Date "2014.06.02"]
[Round "-"]
[White "teejaytee"]
[Black "Ilang"]
[Result "1/2-1/2"]
[WhiteCountry "ENG"]
[BlackCountry "HUN"]
[WhiteElo "2551"]
[WhiteRD "85"]
[BlackElo "2368"]
[BlackRD "90"]
[GameID "359242"]

1. e4 e5 2. Nf3 Nc6 3. Bb5 a6 4. Ba4 Nf6 5. O-O Be7 6. Re1 b5 7. Bb3 d6 8. c3 O-O 9. h3 Nb8 10. d4 Nbd7
11. Nbd2 Bb7 12. Bc2 Re8 13. Nf1 Bf8 14. Ng3 g6 15. a4 c5 16. d5 c4 17. Bg5 h6 18. Be3 Nc5 19. Qd2 h5 20. Bg5 Be7
21. Bh6 Nfd7 22. Qe3 Bf6 23. Reb1 Nb6 24. axb5 axb5 25. Rxa8 Qxa8 26. Nd2 Qa2 27. Ne2 Qa7 28. b4 Ncd7 29. Ng3 Ra8 30. Nf3 Nf8
31. Rc1 Nh7 32. Qd2 Bg7 33. Be3 Qa6 34. Bb1 Nd7 35. Nf1 Bc8 36. Qd1 Qa4= 37. Qd2 Qa6 38. Bc2 Nhf6 39. Ng3 Qb7 40. Qd1 Qa6
41. Bb1 Qb7 42. Rc2 Ra1 43. Ra2 Rxa2 44. Bxa2 Qa8 45. Bb1 Qa1 46. Qc1 Ne8 47. Kh1 Bf8 48. Nf1 Be7 49. Bd2 Nef6 50. Ne3 Bd8
51. Nc2 Qa7 52. Na3 Qa6 53. Be3 Bb6 54. Bxb6 Qxb6 55. Kg1 Kg7 56. Bc2 Qa6 57. Nb1 Qa1 58. Kh2 Nb6 59. Ng5 Bd7 60. f4 exf4
61. Qxf4 Qb2 62. Qf2 Nc8 63. Qd2 Be8 64. Nf3 Nd7 65. Nd4 Ne5 66. Qe3 Nb6 67. Qf4 Bd7 68. Qe3 Na4 69. Qd2 Qa1 70. Qe3 Nb2
71. Nf3 Nxf3+ 72. Qxf3 Qa2 73. Qf4 Nd3 74. Bxd3 cxd3 75. Nd2 Qc2 76. e5 Bf5 77. c4 dxe5 78. Qxe5+ Kg8 79. Qb8+=
1/2-1/2

[Event "Capablanca Memorial"]
[Site "SchemingMind.com"]
[Date "2014.06.02"]
[Round "-"]
[White "Ilang"]
[Black "teejaytee"]
[Result "1/2-1/2"]
[WhiteCountry "HUN"]
[BlackCountry "ENG"]
[WhiteElo "2368"]
[WhiteRD "90"]
[BlackElo "2551"]
[BlackRD "85"]
[GameID "359243"]

1. e4 e5 2. Nf3 Nc6 3. Bb5 a6 4. Ba4 Nf6 5. O-O Be7 6. Re1 b5 7. Bb3 d6 8. c3 O-O 9. h3 Bb7 10. d4 Re8
11. Nbd2 Bf8 12. a4 h6 13. Bc2 exd4 14. cxd4 Nb4 15. Bb1 c5 16. d5 Nd7 17. Ra3 g6 18. Nf1 Bg7 19. a5 Qc7 20. Ne3 Kh7
21. Qb3 Nf6 22. Ng4 Qd8 23. Bd2 Nxg4 24. hxg4 Rc8 25. Bxb4 cxb4 26. Qxb4 Qf6 27. Rb3 Rc4 28. Qd2 Kg8 29. Rf1 Bc8 30. g5 hxg5
31. Nxg5 Bg4 32. Nf3 Ra4 33. Nh2 Bd7 34. Nf3 Qd8 35. Qf4 Qe7 36. Qd2 Rc8 37. Re1 Ra1 38. Rf1 Qd8 39. Qf4 Be8 40. Qg3 Bh6
41. Qh2 Kg7 42. Rc3 Rxc3 43. bxc3 Qf6 44. Nd4 Bd7 45. e5 Qxe5 46. Qxe5+ dxe5 47. Nb3 Ra3 48. Nc5 Bg4 49. d6 Bg5 50. Nxa6 Rxc3
51. Nc7 Bd8 52. f4 exf4 53. Rxf4 Bxc7 54. dxc7 Rxc7 55. Bd3 Bd7 56. Rd4 Ra7 57. Rd6 Bf5 58. Bxf5 gxf5 59. a6 b4 60. Rb6 b3
61. Rxb3 Rxa6 62. Kf2 Kf6 63. Kf3=
1/2-1/2

[Event "Capablanca Memorial"]
[Site "SchemingMind.com"]
[Date "2014.06.18"]
[Round "-"]
[White "littleboo"]
[Black "Derek Price"]
[Result "0-1"]
[WhiteCountry "USA"]
[BlackCountry "ENG"]
[WhiteElo "2260"]
[WhiteRD "79"]
[BlackElo "2358"]
[BlackRD "80"]
[GameID "360121"]

1. e4 c5 2. Nc3 Nc6 3. Bc4 e6 4. Nf3 a6 5. d4 cxd4 6. Nxd4 Qc7 7. Nf3 Nf6 8. a3 b5 9. Bd3 Bb7 10. Qe2 Be7
11. Bg5 h6 12. Bh4 O-O 13. e5 Nh5 14. Bxe7 Nxe7 15. Qe3 Bxf3 16. gxf3 f6 17. f4 fxe5 18. Qxe5 Qxe5+ 19. fxe5 Nc6 20. Be4 Rad8
21. O-O-O Nxe5 22. Bb7 a5
0-1

[Event "Capablanca Memorial"]
[Site "SchemingMind.com"]
[Date "2014.06.17"]
[Round "-"]
[White "Derek Price"]
[Black "littleboo"]
[Result "1-0"]
[WhiteCountry "ENG"]
[BlackCountry "USA"]
[WhiteElo "2358"]
[WhiteRD "80"]
[BlackElo "2260"]
[BlackRD "79"]
[GameID "360122"]

1. d4 d5 2. c4 dxc4 3. Nf3 Nf6 4. e3 e6 5. Bxc4 Be7 6. O-O O-O 7. Qe2 Nbd7 8. e4 Nb6 9. Bd3 Bd7 10. Nc3 a5
11. Be3 Ng4 12. Bf4 a4 13. h3 Nf6 14. Rac1 Bc6 15. Rfd1 Rc8 16. Ne5 Be8 17. Be3 a3 18. b3 Bd6 19. Rc2 Nfd7 20. Nf3 Be7
21. e5 f6 22. exf6 Nxf6 23. Bc1
1-0

[Event "Capablanca Memorial"]
[Site "SchemingMind.com"]
[Date "2014.08.14"]
[Round "-"]
[White "Derek Price"]
[Black "teejaytee"]
[Result "1/2-1/2"]
[WhiteCountry "ENG"]
[BlackCountry "ENG"]
[WhiteElo "2367"]
[WhiteRD "79"]
[BlackElo "2544"]
[BlackRD "86"]
[GameID "363122"]

1. e4 e5 2. Nf3 Nc6 3. Bb5 a6 4. Ba4 Nf6 5. O-O Be7 6. Re1 b5 7. Bb3 d6 8. c3 O-O 9. h3 Na5 10. Bc2 c5
11. d4 Qc7 12. Nbd2 cxd4 13. cxd4 Bb7 14. d5 Rac8 15. Bd3 Nd7 16. Nf1 f5 17. Ng3 f4 18. Nf5 Bd8 19. b3 Nc5 20. Ba3 g6
21. Nh6+ Kg7 22. Rc1 Kxh6 23. b4 Nc4 24. Bxc4 Na4 25. Bb3 Qd7 26. Rxc8 Bxc8 27. Bxa4 bxa4 28. b5 Rf6 29. bxa6 Bxa6 30. Qd2 g5
31. Qc3 Kh5 32. Rc1 Bb5 33. Ne1 Rg6 34. Qc8 Ba5 35. Qxd7 Bxd7 36. Rb1 Bxe1 37. Rxe1 g4 38. hxg4+ Bxg4 39. Kh2 f3 40. g3 Rh6
41. Bc1 Rf6 42. Bd2 Bc8 43. Rc1 Ba6 44. Rc7 h6 45. Bb4 Rg6 46. Rd7 Bb5 47. Rd8 Rg4 48. Bxd6 Rxe4 49. Bc5=
1/2-1/2

[Event "Capablanca Memorial"]
[Site "SchemingMind.com"]
[Date "2014.08.14"]
[Round "-"]
[White "teejaytee"]
[Black "Derek Price"]
[Result "1/2-1/2"]
[WhiteCountry "ENG"]
[BlackCountry "ENG"]
[WhiteElo "2544"]
[WhiteRD "86"]
[BlackElo "2367"]
[BlackRD "79"]
[GameID "363123"]

1. e4 c5 2. f4 Nc6 3. Nf3 g6 4. Nc3 Bg7 5. Bb5 Nd4 6. O-O a6 7. Bd3 d6 8. Nxd4 cxd4 9. Ne2 Nf6 10. Kh1 e5
11. c3 O-O 12. cxd4 exd4 13. Bc2 d3 14. Bxd3 Re8 15. Nc3 b5 16. a3 Bg4 17. Be2 Bxe2 18. Qxe2 Nxe4 19. Nxe4 d5 20. d3 f5
21. Be3 dxe4 22. Rad1 Qf6 23. dxe4 Rxe4 24. b4 Rae8 25. Qa2+ Qe6 26. Qxe6+ R4xe6 27. Bc5 Bf8 28. Bg1 Re2 29. Rf3 Rc8 30. Rfd3 Be7
31. Rd7 Rc3 32. h3 Kf8 33. Ra7 Rxa3 34. Rdd7 Ra1=
1/2-1/2

[Event "Capablanca Memorial"]
[Site "SchemingMind.com"]
[Date "2014.08.27"]
[Round "-"]
[White "Buckaroo Bob"]
[Black "chesshub"]
[Result "0-1"]
[WhiteCountry "USA"]
[BlackCountry "FRA"]
[WhiteElo "2239"]
[WhiteRD "103"]
[BlackElo "2465"]
[BlackRD "75"]
[GameID "363488"]

1. c4 e5 2. Nc3 Nf6 3. Nf3 Nc6 4. g3 Bc5 5. Bg2 d6 6. d3 h6 7. O-O O-O 8. Na4 Bb6 9. b3 Bg4 10. h3 Bd7
11. Bb2 Qc8 12. g4 Ne7 13. b4 Ng6 14. e3 Qe8 15. b5 Nh7 16. Nd2 Rb8 17. Nxb6 axb6 18. d4 f5 19. dxe5 dxe5 20. Ba3 Rf6
21. f3 Nh4 22. Bh1 e4 23. Qe1 exf3 24. Bb2 Rg6 25. Qxh4 fxg4 26. Bd4 c5 27. bxc6 bxc6 28. Qe1 c5 29. Bc3 Rd8 30. h4 Bc6
31. e4 Rd3 32. Rc1 Nf6
0-1

[Event "Capablanca Memorial"]
[Site "SchemingMind.com"]
[Date "2014.08.27"]
[Round "-"]
[White "chesshub"]
[Black "Buckaroo Bob"]
[Result "1-0"]
[WhiteCountry "FRA"]
[BlackCountry "USA"]
[WhiteElo "2465"]
[WhiteRD "75"]
[BlackElo "2239"]
[BlackRD "103"]
[GameID "363489"]

1. e4 c5 2. Nf3 d6 3. d4 cxd4 4. Nxd4 Nf6 5. Nc3 a6 6. Be3 e6 7. f3 b5 8. Qd2 Nbd7 9. g4 Nb6 10. a4 Nc4
11. Bxc4 bxc4 12. g5 Nd7 13. f4 Nc5 14. f5 Qd7 15. O-O Rb8 16. Qg2 e5 17. Nde2 Qc6 18. Nd5 Be7 19. f6 gxf6 20. gxf6 Bf8
21. Nec3 Be6 22. h3 Qc8 23. Kh2 Rxb2 24. Rab1 Rxb1 25. Rxb1 h5 26. a5 Nd7 27. Bb6 Bxd5 28. Nxd5
1-0

[Event "Capablanca Memorial"]
[Site "SchemingMind.com"]
[Date "2014.09.23"]
[Round "-"]
[White "HanadaNo3"]
[Black "Ezedoke"]
[Result "1/2-1/2"]
[WhiteCountry "USA"]
[BlackCountry "ARG"]
[WhiteElo "2537"]
[WhiteRD "110"]
[BlackElo "2559"]
[BlackRD "108"]
[GameID "364945"]

1. e4 c5 2. Nf3 Nc6 3. Bb5 g6 4. O-O Bg7 5. Re1 Nf6 6. e5 Nd5 7. Nc3 Nc7 8. Bxc6 dxc6 9. Ne4 b6 10. Nf6+ Kf8
11. Ne4 Bg4 12. d3 Ne6 13. Ned2 Qd5 14. h3 Bxf3 15. Nxf3 Rd8 16. Qe2 h6 17. a4 Kg8 18. a5 b5 19. a6 Kh7= 20. Bd2 Rhg8
21. Qe3 Nd4 22. Nxd4 cxd4 23. Qe4 e6 24. f4 Bf8 25. Qxd5 Rxd5 26. g4 Kg7 27. Kg2 Be7 28. Re2 Rh8 29. Rf1 c5 30. Kg3 Rc8
31. h4 Rc6= 32. h5 gxh5 33. gxh5 Rxa6 34. Kf3 Kh7 35. Rg1 Rd8 36. Reg2 Kh8 37. Ke4 Re8 38. Rf1 Bf8 39. Rgg1 Rb6 40. Ra1 a6
41. Raf1 Rb7 42. Rf2 a5 43. Rfg2 Be7 44. f5 exf5+ 45. Kxf5 a4 46. Bxh6 Kh7 47. Bg7 b4 48. h6 Rg8 49. Ra1 Ra7 50. Rgg1 a3
51. Ra2 Rb8 52. Ke4 Re8 53. bxa3 bxa3 54. Rga1 Rea8 55. Kf5 Ra6 56. Rb1 Bf8 57. Bf6 R6a7 58. Ke4 Be7 59. Rb6 Bxf6 60. Rxf6=
1/2-1/2

[Event "Capablanca Memorial"]
[Site "SchemingMind.com"]
[Date "2014.09.25"]
[Round "-"]
[White "Ezedoke"]
[Black "HanadaNo3"]
[Result "1/2-1/2"]
[WhiteCountry "ARG"]
[BlackCountry "USA"]
[WhiteElo "2567"]
[WhiteRD "103"]
[BlackElo "2533"]
[BlackRD "111"]
[GameID "364946"]

1. e4 e5 2. Nf3 Nc6 3. Bb5 a6 4. Ba4 Nf6 5. O-O Nxe4 6. d4 b5 7. Bb3 d5 8. dxe5 Be6 9. Nbd2 Nc5 10. c3 Nxb3
11. Nxb3 Be7 12. Nfd4 Qd7 13. Nxc6 Qxc6 14. Be3 Qd7 15. f4 O-O 16. Bc5 g6 17. Qd4 a5 18. h3 a4 19. Bxe7 Qxe7 20. Nc5 h5
21. b4 c6 22. a3 Bf5 23. Ra2 h4 24. Re2 Rab8= 25. Rd2 Rfe8 26. Re1 Kh7 27. Rde2 Rbc8 28. Rd1 Kg7 29. Kh1 Rh8=
1/2-1/2

[Event "Capablanca Memorial"]
[Site "SchemingMind.com"]
[Date "2015.03.31"]
[Round "-"]
[White "Ezedoke"]
[Black "chesshub"]
[Result "1/2-1/2"]
[WhiteCountry "ARG"]
[BlackCountry "FRA"]
[WhiteElo "2565"]
[WhiteRD "100"]
[BlackElo "2525"]
[BlackRD "71"]
[GameID "377450"]

1. e4 e5 2. Nf3 Nc6 3. Bb5 a6 4. Ba4 Nf6 5. O-O Be7 6. Re1 b5 7. Bb3 d6 8. c3 O-O 9. h3 Na5 10. Bc2 c5
11. d4 Qc7 12. d5 Bd7 13. b3 Qd8 14. Nbd2 g6 15. Kf1 Qc8 16. Rb1 c4 17. b4 Nb7 18. Kg1 a5 19. a4 Qc7 20. axb5 Bxb5
21. Ra1 Nh5 22. Nb1 axb4 23. Rxa8 Rxa8 24. cxb4 Bd7 25. Qd2 Nd8 26. Qc3 f5 27. exf5 gxf5 28. Nfd2 Bg5 29. Nxc4 Bxc1 30. Rxc1 Nf4
31. Bd3 Rc8 32. Qd2 Nf7 33. Bf1 Qb7 34. g3 Ng5 35. Nxd6 Nf3+ 36. Kh1 Nxd2 37. Rxc8+ Bxc8 38. Nxb7 Nxb1 39. Nd6 Nxd5 40. Nxc8 Nxb4
41. Ne7+ Kf7 42. Nxf5 Kf6 43. Ne3 Nd2 44. Ng4+ Kf5 45. Bb5 e4 46. Bd7+ Kg6 47. Ne3 Kg7 48. h4 Nd3 49. Kg1 Nc5 50. Bc8 Kf6
51. Bf5 h6 52. Bh3 Nd3 53. Bc8 Nc5 54. Kg2 Nd3 55. Ba6 Nc5 56. Bb5 Ndb3 57. Ng4+ Kg7 58. Kf1 Nd4 59. Be8 Nb7 60. Ne3 Kf6
61. Bd7 Nd6 62. Ke1 Ke7 63. Bg4 Ne8 64. Bc8 Kd6 65. Ng4 Nf3+ 66. Kf1 h5 67. Ne3 Nf6 68. Bh3 Nh2+ 69. Kg2 Nf3 70. Bf5 Ne5
71. Bc8 Kc5 72. Ba6=
1/2-1/2

[Event "Capablanca Memorial"]
[Site "SchemingMind.com"]
[Date "2015.03.30"]
[Round "-"]
[White "chesshub"]
[Black "Ezedoke"]
[Result "1/2-1/2"]
[WhiteCountry "FRA"]
[BlackCountry "ARG"]
[WhiteElo "2487"]
[WhiteRD "72"]
[BlackElo "2554"]
[BlackRD "104"]
[GameID "377451"]

1. d4 d5 2. c4 c6 3. Nc3 Nf6 4. e3 e6 5. b3 Bb4 6. Bd2 O-O 7. Nf3 Nbd7 8. Bd3 Qe7 9. O-O e5 10. dxe5 Nxe5
11. Nxe5 Qxe5 12. Nxd5 Nxd5 13. cxd5 Bd6 14. f4 Qxd5 15. Qc2 Qh5 16. Rae1 Re8 17. b4 f6 18. e4 Be6 19. Be2 Qf7 20. e5 Bc7
21. f5 Bd5 22. e6 Qe7 23. Kh1 a5 24. Bc4 Red8 25. Bxd5 Rxd5 26. bxa5 Bxa5 27. Bxa5 Raxa5=
1/2-1/2

[Event "Capablanca Memorial"]
[Site "SchemingMind.com"]
[Date "2015.09.10"]
[Round "-"]
[White "Derek Price"]
[Black "Ezedoke"]
[Result "1-0"]
[WhiteCountry "ENG"]
[BlackCountry "ARG"]
[WhiteElo "2399"]
[WhiteRD "100"]
[BlackElo "2478"]
[BlackRD "106"]
[GameID "387192"]

1. e4 c5 2. Nf3 Nc6 3. d4 cxd4 4. Nxd4 Nf6 5. Nc3 e5 6. Ndb5 d6 7. Bg5 a6 8. Na3 b5 9. Bxf6 gxf6 10. Nd5 f5
11. Bd3 Be6 12. O-O Bxd5 13. exd5 Ne7 14. c3 Bg7 15. Nc2 O-O 16. a4 e4 17. Be2 bxa4 18. Rxa4 Qb6 19. Rb4
1-0

[Event "Capablanca Memorial"]
[Site "SchemingMind.com"]
[Date "2015.09.13"]
[Round "-"]
[White "Ezedoke"]
[Black "Derek Price"]
[Result "0-1"]
[WhiteCountry "ARG"]
[BlackCountry "ENG"]
[WhiteElo "2478"]
[WhiteRD "106"]
[BlackElo "2399"]
[BlackRD "100"]
[GameID "387193"]

1. e4 c5 2. Nf3 d6 3. d4 cxd4 4. Nxd4 Nf6 5. Nc3 e5 6. Bb5+ Nbd7 7. Nf5 a6 8. Bxd7+ Qxd7 9. Bg5 Nxe4 10. Nxg7+ Bxg7
11. Nxe4 O-O 12. Qxd6 f6 13. Be3 Qg4 14. f3 Qxg2 15. Rf1 Bf5 16. Qd5+ Kh8 17. O-O-O Qxh2 18. Rf2 Bxe4
0-1